00321nam a2200121Ia 4500008004100000082001100041245002400052250000600076260006100082300000800143630002400151730002400175090124s9999 xx 000 0 und d b302303 a व्यथीत a1 bराजपूत रघुवीर सिंहc1990 a140 a व्यथीत a व्यथीत